000
00306nam a2200133Ia 4500
008
220204s9999 xx 000 0 und d
082
_a
054
_b
LAM
100
_a
Lambert, John
245
0
_a
Practical chemistry
250
_a
Ed.3
260
_a
London
_b
Heinemann
_c
1973
700
_a
Muir, T A
942
_c
BK
999
_c
23641
_d
23641